000 00267nam a22001097a 4500
003 SGT
082 _a616.120
_bC02D
100 _aDOUGLAS, PAMELA S.
245 _aCARDIOVASCULAR HEALTH AND DISEASE IN WOMEN
260 _aPHILADELPHIA
_bSUNDERS
_c2002
942 _2ddc
_cBK
999 _c14835
_d14835